书目信息 |
| 题名: |
管理学精要
|
|
| 作者: | Andrew J.Dubrin 著 | |
| 分册: | ||
| 出版信息: | 北京 外语教学与研究出版社 2004.08 |
|
| 页数: | 517页 | |
| 开本: | 22cm | |
| 丛书名: | ||
| 单 册: | ||
| 中图分类: | C39 | |
| 科图分类: | ||
| 主题词: | 社会科学--新技术应用 | |
| 电子资源: | ||
| ISBN: | 7-5600-4378-X | |
| 000 | 00585nam0 2200193 450 | |
| 001 | 2233374325 | |
| 005 | 20220926091836.86 | |
| 010 | @a7-5600-4378-X@dCNY42.90 | |
| 100 | @a20220926d2004 km y0chiy0120 ea | |
| 101 | 0 | @achi |
| 102 | @aCN@b110000 | |
| 200 | 1 | @a管理学精要@AGuan Li Xue Jing Yao@f(美)Andrew J.Dubrin著@F(Mei)Andrew J.Dubrin Zhu |
| 210 | @a北京@c外语教学与研究出版社@d2004.08 | |
| 215 | @a517页@d22cm | |
| 606 | 0 | @a社会科学@x新技术应用 |
| 690 | @aC39@v4 | |
| 701 | 0 | @aAndrew J.Dubrin@4著 |
| 801 | 0 | @aCN@b大连网信软件有限公司图书馆·11@c20220926 |
| 905 | @aZUCC@dC39@eW01 | |
| 管理学精要/(美)Andrew J.Dubrin著.-北京:外语教学与研究出版社,2004.08 |
| 517页;22cm |
| ISBN 7-5600-4378-X:CNY42.90 |
| ● |
| 相关链接 |
|
|
|
|
正题名:管理学精要
索取号:C39/W01
 
预约/预借
| 序号 | 登录号 | 条形码 | 馆藏地/架位号 | 状态 | 备注 |
| 1 | 0712087 | 207120872 | 密集书库-文学院/ [索取号:C39/W01] | 在馆 |